[Event "Sant Boi de Llobregat op 4th"]
[Site "Sant Boi de Llobregat"]
[Date "2023.12.06"]
[Round "7"]
[White "Wong, Zhenyong Jayden"]
[Black "Banos, Oscar Francisco"]
[Result "1-0"]
[WhiteElo "2402"]
[BlackElo "2188"]
[PlyCount "69"]
[EventDate "2023.11.30"]
[EventType "swiss"]
[EventRounds "9"]
[EventCountry "ESP"]
[SourceTitle "CB50_2023"]
[SourceDate "2023.12.13"]
[SourceVersion "1"]
[SourceVersionDate "2023.12.13"]
[SourceQuality "1"]

1. d4 d5 2. c4 e6 3. Nf3 Nf6 4. g3 Be7 5. Bg2 0-0 6. 0-0 c6 7. Nc3 a5 8. b3 b6 9. Bb2 Ba6 10. Nd2 Ra7 11. Re1 b5 12. Qc2 Nbd7 13. e4 bxc4 14. bxc4 dxc4 15. Na4 c5 16. d5 exd5 17. e5 Ng4 18. h3 Ngxe5 19. Bxe5 Nxe5 20. Rxe5 Rd7 21. Rae1 Bb7 22. Nb6 Qxb6 23. Rxe7 Qd8 24. Rxd7 Qxd7 25. Rd1 Bc6 26. Qc3 Qc7 27. Qa3 Ba8 28. Rb1 Rc8 29. Rb5 a4 30. Nf1 h6 31. Qc3 Qd6 32. Rb1 Qa6 33. Rc1 Bc6 34. Qc2 Rd8 35. Ne3 1-0

[Event "Sant Boi de Llobregat op 4th"]
[Site "Sant Boi de Llobregat"]
[Date "2023.12.02"]
[Round "3"]
[White "Shirov, Alexei"]
[Black "Wong, Zhenyong Jayden"]
[Result "1-0"]
[WhiteElo "2668"]
[BlackElo "2402"]
[PlyCount "63"]
[EventDate "2023.11.30"]
[EventType "swiss"]
[EventRounds "9"]
[EventCountry "ESP"]
[SourceTitle "CB50_2023"]
[SourceDate "2023.12.13"]
[SourceVersion "1"]
[SourceVersionDate "2023.12.13"]
[SourceQuality "1"]

1. e4 c5 2. Nf3 e6 3. d4 cxd4 4. Nxd4 Nc6 5. Nc3 Qc7 6. Be3 a6 7. Qf3 Nf6 8. 0-0-0 Ne5 9. Qg3 b5 10. f4 Neg4 11. Bg1 h5 12. e5 b4 13. Na4 Nd5 14. h3 Nh6 15. f5 Bb7 16. Bd3 Be7 17. Kb1 h4 18. Qe1 Nf4 19. Be4 Nxg2 20. Bxg2 Bxg2 21. Rh2 Bd5 22. Rhd2 Rc8 23. Ka1 Bg5 24. Be3 Bxe3 25. Qxe3 exf5 26. Qg5 g6 27. Qf6 0-0 28. Nb6 Be4 29. e6 dxe6 30. Nxe6 fxe6 31. Qxg6+ Qg7 32. Qxe6+ 1-0

[Event "Wch U18"]
[Site "Montesilvano"]
[Date "2023.11.14"]
[Round "2"]
[White "Silva, Pedro Gil Ferreira"]
[Black "Wong, Zhenyong Jayden"]
[Result "0-1"]
[WhiteElo "2203"]
[BlackElo "2356"]
[PlyCount "164"]
[EventDate "2023.11.13"]
[EventType "swiss"]
[EventRounds "11"]
[EventCountry "ITA"]
[SourceTitle "CB48_2023"]
[SourceDate "2023.11.29"]
[SourceVersion "1"]
[SourceVersionDate "2023.11.29"]
[SourceQuality "1"]

1. c4 c5 2. Nf3 Nc6 3. d4 cxd4 4. Nxd4 Nf6 5. Nc3 e6 6. a3 Bc5 7. Nb3 Bb6 8. c5 Bc7 9. g3 0-0 10. Bg2 b6 11. 0-0 Be5 12. Qc2 Ba6 13. Rd1 Rc8 14. Rf1 Ra8 15. Rd1 Rc8 16. Rf1 Ra8 17. Rd1 Rc8 18. Rf1 Ra8 19. Rd1 Rc8 20. Rf1 Ra8 21. Rd1 Rc8 22. Rf1 Ra8 23. Rd1 Rc8 24. Rf1 Ra8 25. Rd1 Rc8 26. Rf1 Ra8 27. Rd1 Rc8 28. Rf1 Ra8 29. Rd1 Rc8 30. Rf1 Ra8 31. Rd1 Rc8 32. Be3 Ng4 33. Qd2 Nf6 34. Qc2 Ng4 35. Qd2 Nf6 36. Qc2 Ng4 37. Qd2 Nf6 38. Qc2 Ng4 39. Qd2 Bc4 40. Nd4 Ba6 41. Nb3 Bc4 42. Nd4 Nxd4 43. Bxd4 Bb3 44. Be3 Bc4 45. Bd4 Bb3 46. Rdc1 bxc5 47. Bxe5 Nxe5 48. Ne4 Qb6 49. Nc3 Qd8 50. Ne4 Qb6 51. Nc3 Qd8 52. Ne4 Qb6 53. Qg5 Qd8 54. Qd2 Qb6 55. Qg5 Qd8 56. Qd2 Qb6 57. Qg5 d6 58. Rc3 f6 59. Qe3 Bd5 60. Qg5 Bb3 61. Qe3 Bd5 62. Rac1 Bxe4 63. Qxe4 d5 64. Qc2 c4 65. e3 Rfd8 66. Rb1 Rf8 67. Rc1 Rfd8 68. Rb1 Rf8 69. Rc1 Rfd8 70. Rb1 d4 71. exd4 Qxd4 72. b3 cxb3 73. Rbxb3 Rxc3 74. Rxc3 Ng4 75. Rc8 Rxc8 76. Qxc8+ Kf7 77. Qc7+ Kg6 78. Qc2+ f5 79. h3 Qa1+ 80. Bf1 Qd4 81. Bg2 Qa1+ 82. Bf1 Nf6 0-1

[Event "Wch U18"]
[Site "Montesilvano"]
[Date "2023.11.13"]
[Round "1"]
[White "Wong, Zhenyong Jayden"]
[Black "Miotto, Alberto"]
[Result "1-0"]
[WhiteElo "2356"]
[BlackElo "2017"]
[PlyCount "65"]
[EventDate "2023.11.13"]
[EventType "swiss"]
[EventRounds "11"]
[EventCountry "ITA"]
[SourceTitle "CB48_2023"]
[SourceDate "2023.11.29"]
[SourceVersion "1"]
[SourceVersionDate "2023.11.29"]
[SourceQuality "1"]

1. Nf3 e6 2. g3 d5 3. Bg2 Nf6 4. 0-0 Be7 5. c4 0-0 6. d4 dxc4 7. Qc2 b6 8. Bg5 Nd5 9. Bxe7 Qxe7 10. Nbd2 Ba6 11. Nxc4 c5 12. Rac1 Rc8 13. e4 Nb4 14. Qb3 cxd4 15. e5 Qc5 16. Nfd2 Nd5 17. Bxd5 Qxd5 18. Nd6 Rc5 19. Qxd5 exd5 20. b4 Bxf1 21. bxc5 Bc4 22. N2xc4 dxc4 23. Rxc4 bxc5 24. Rxc5 Nd7 25. Rd5 Kf8 26. Nb5 Rb8 27. Nxa7 Rb1+ 28. Kg2 Ke8 29. Nc6 Ra1 30. Ra5 d3 31. Ra8+ Nb8 32. Rxb8+ Kd7 33. e6+ 1-0

[Event "Titled Tuesday intern op 08th Aug Early"]
[Site "Chess.com INT"]
[Date "2023.08.08"]
[Round "3"]
[White "Davidson, Kevin"]
[Black "Wong, Zhenyong Jayden"]
[Result "0-1"]
[WhiteElo "2154"]
[BlackElo "2356"]
[PlyCount "74"]
[EventDate "2023.08.08"]
[EventType "swiss (blitz)"]
[EventRounds "11"]
[EventCountry "USA"]
[SourceTitle "EXT 2024"]
[Source "ChessBase"]
[SourceDate "2023.10.10"]
[SourceVersion "1"]
[SourceVersionDate "2023.10.10"]
[SourceQuality "1"]

1. e4 g6 2. d4 Bg7 3. Nc3 a6 4. f4 b5 5. Nf3 d6 6. Bd3 Nd7 7. a4 b4 8. Ne2 c5 9. c3 Ngf6 10. e5 Nd5 11. 0-0 Bb7 12. Ng5 e6 13. Ne4 Bf8 14. exd6 cxd4 15. cxd4 N7f6 16. Nc5 Bc8 17. a5 Bxd6 18. Qa4+ Kf8 19. Bd2 Kg7 20. Bxb4 Nxb4 21. Qxb4 Nd5 22. Qd2 Rb8 23. Nxa6 Bxa6 24. Bxa6 Bb4 25. Nc3 Bxa5 26. Bc4 Rxb2 27. Qxb2 Bxc3 28. Qe2 Bxd4+ 29. Kh1 Bxa1 30. Rxa1 Nxf4 31. Qf2 Nd5 32. Rf1 Rf8 33. Rd1 Qf6 34. Qd2 Nf4 35. Rf1 e5 36. g3 Qc6+ 37. Kg1 Nh3# 0-1

[Event "Titled Tuesday intern op 08th Aug Early"]
[Site "Chess.com INT"]
[Date "2023.08.08"]
[Round "10"]
[White "Wong, Zhenyong Jayden"]
[Black "Eilers, Stefan"]
[Result "1-0"]
[WhiteElo "2356"]
[BlackElo "2300"]
[PlyCount "119"]
[EventDate "2023.08.08"]
[EventType "swiss (blitz)"]
[EventRounds "11"]
[EventCountry "USA"]
[SourceTitle "EXT 2024"]
[Source "ChessBase"]
[SourceDate "2023.10.10"]
[SourceVersion "1"]
[SourceVersionDate "2023.10.10"]
[SourceQuality "1"]

1. g3 d5 2. Nf3 c6 3. Bg2 Nf6 4. 0-0 Bf5 5. b3 e6 6. Bb2 h6 7. d3 Be7 8. Nbd2 Bh7 9. c4 0-0 10. Rc1 a5 11. a3 Na6 12. Rc2 b5 13. Qa1 bxc4 14. bxc4 Nc5 15. Ne5 Qd6 16. Rfc1 Na4 17. cxd5 Nxb2 18. Qxb2 cxd5 19. a4 Rfb8 20. Qa1 Bf8 21. Ndf3 Rb7 22. Rc8 Rxc8 23. Rxc8 Rc7 24. Rxc7 Qxc7 25. Qb2 Bd6 26. Bf1 Nd7 27. Nxd7 Qxd7 28. Qb6 Bc7 29. Qb7 Qd6 30. Nd4 Bb6 31. Nb5 Qd8 32. h4 Bf5 33. Bg2 h5 34. Bf3 Bg6 35. Kg2 Kh7 36. Qc6 Kh6 37. Qb7 f6 38. Qc6 Bf7 39. Nd6 Bg8 40. Nb5 Bf7 41. Nd6 Bg6 42. Nb5 Kh7 43. Qxe6 Qf8 44. Qxd5 f5 45. Nd6 f4 46. Bxh5 Bxh5 47. Qxh5+ Kg8 48. Qd5+ Kh7 49. Qf5+ Qxf5 50. Nxf5 fxg3 51. fxg3 Kg6 52. g4 Kf6 53. Kf3 Ke5 54. Nxg7 Bc7 55. e3 Kf6 56. Nf5 Ke5 57. h5 Kf6 58. h6 Kg5 59. d4 Be5 60. dxe5 1-0

[Event "Hanoi GM"]
[Site "Hanoi"]
[Date "2023.05.23"]
[Round "4"]
[White "Sek, Konstantin"]
[Black "Wong, Zhenyong Jayden"]
[Result "0-1"]
[WhiteElo "2425"]
[BlackElo "2348"]
[PlyCount "70"]
[EventDate "2023.05.22"]
[EventType "schev"]
[EventRounds "9"]
[EventCountry "VIE"]
[SourceTitle "CBM 214 Extra"]
[Source "ChessBase"]
[SourceDate "2023.07.31"]
[SourceVersion "1"]
[SourceVersionDate "2023.07.31"]
[SourceQuality "1"]

1. e4 c5 2. Nf3 e6 3. d4 cxd4 4. Nxd4 Nc6 5. Nc3 Qc7 6. Be3 a6 7. a3 b5 8. f4 Bb7 9. Bd3 Na5 10. 0-0 Nc4 11. Bxc4 Qxc4 12. e5 Ne7 13. Qd2 Nd5 14. Nxd5 Qxd5 15. Rad1 f5 16. Qf2 Qc4 17. Nb3 Bd5 18. Rd3 b4 19. axb4 Bxb4 20. Nd4 0-0 21. b3 Qc7 22. c4 Be4 23. Rdd1 Qb7 24. Nf3 Rfc8 25. h3 Bf8 26. Nd4 Bc5 27. Nxf5 exf5 28. Bxc5 Qxb3 29. Rxd7 Qxc4 30. Bd6 Qb5 31. e6 Rc2 32. Rxg7+ Kxg7 33. Qg3+ Kh8 34. Rf2 Rg8 35. Rxc2 Rxg3 0-1

[Event "Sitges Sunway op 9th"]
[Site "Sitges"]
[Date "2022.12.21"]
[Round "9"]
[White "Clarke, Brandon GI"]
[Black "Wong, Zhenyong Jayden"]
[Result "1/2-1/2"]
[WhiteElo "2484"]
[BlackElo "2181"]
[PlyCount "105"]
[EventDate "2022.12.12"]
[EventType "swiss"]
[EventRounds "10"]
[EventCountry "ESP"]
[SourceTitle "CBM 211 Extra"]
[Source "ChessBase"]
[SourceDate "2023.01.31"]
[SourceVersion "1"]
[SourceVersionDate "2023.01.31"]
[SourceQuality "1"]

1. e4 c5 2. Nf3 e6 3. d4 cxd4 4. Nxd4 Nc6 5. Nc3 Qc7 6. Be3 a6 7. Qd2 Nf6 8. f3 b5 9. 0-0-0 Bb7 10. g4 Nxd4 11. Bxd4 Be7 12. g5 Nh5 13. Be5 Qxe5 14. Qxd7+ Kf8 15. Qxb7 Bxg5+ 16. Kb1 Qb8 17. Rd7 Qxb7 18. Rxb7 g6 19. a4 bxa4 20. Nxa4 a5 21. Bc4 Nf4 22. Rd1 Rd8 23. Rxd8+ Bxd8 24. Nc5 g5 25. Rb5 h5 26. Nb7 Kg7 27. Nxa5 g4 28. Nc6 Bh4 29. fxg4 hxg4 30. Ne5 f5 31. exf5 exf5 32. Nc6 Rf8 33. Rb7+ Kf6 34. Rd7 Bf2 35. b4 Bg1 36. Rd2 Rh8 37. b5 Bxh2 38. b6 g3 39. Bf1 Rg8 40. b7 g2 41. Bxg2 Nxg2 42. Ka2 Bf4 43. Rf2 Bd6 44. b8Q Bxb8 45. Nxb8 Rxb8 46. Rxg2 f4 47. c4 Ke5 48. Ka3 f3 49. Rf2 Ke4 50. Ka4 Ke3 51. Rf1 Ke2 52. Rc1 f2 53. c5 1/2-1/2

[Event "Sitges Sunway op 9th"]
[Site "Sitges"]
[Date "2022.12.20"]
[Round "8"]
[White "Wong, Zhenyong Jayden"]
[Black "Schmuck, Corentin"]
[Result "1-0"]
[WhiteElo "2181"]
[BlackElo "2040"]
[PlyCount "67"]
[EventDate "2022.12.12"]
[EventType "swiss"]
[EventRounds "10"]
[EventCountry "ESP"]
[SourceTitle "CBM 211 Extra"]
[Source "ChessBase"]
[SourceDate "2023.01.31"]
[SourceVersion "1"]
[SourceVersionDate "2023.01.31"]
[SourceQuality "1"]

1. d4 d5 2. c4 dxc4 3. Nf3 Nf6 4. e3 a6 5. Bxc4 b5 6. Be2 e6 7. 0-0 Bb7 8. a4 b4 9. b3 Nbd7 10. Bb2 c5 11. Nbd2 Be7 12. Rc1 0-0 13. Nc4 Rc8 14. Nfe5 cxd4 15. Nxd7 Nxd7 16. Qxd4 Bf6 17. Qd2 Bxb2 18. Qxb2 Qg5 19. f3 Rfd8 20. Rfd1 h5 21. e4 Nb6 22. Qe5 Qxe5 23. Nxe5 Rxd1+ 24. Rxd1 Rc7 25. a5 Nc8 26. Rd8+ Kh7 27. Rd4 f6 28. Nd3 Rc2 29. Kf1 Ra2 30. Rd7 Ba8 31. Rd8 Rc2 32. Nxb4 Rc1+ 33. Kf2 Bb7 34. Rd7 1-0

[Event "Sitges Sunway op 9th"]
[Site "Sitges"]
[Date "2022.12.16"]
[Round "5"]
[White "Erdogmus, Yagiz Kaan"]
[Black "Wong, Zhenyong Jayden"]
[Result "1/2-1/2"]
[WhiteElo "2453"]
[BlackElo "2181"]
[PlyCount "72"]
[EventDate "2022.12.12"]
[EventType "swiss"]
[EventRounds "10"]
[EventCountry "ESP"]
[SourceTitle "CBM 211 Extra"]
[Source "ChessBase"]
[SourceDate "2023.01.31"]
[SourceVersion "1"]
[SourceVersionDate "2023.01.31"]
[SourceQuality "1"]

1. e4 c5 2. Nc3 e6 3. Nge2 Nc6 4. g3 Nf6 5. Bg2 d5 6. exd5 exd5 7. d4 cxd4 8. Nxd4 Bg4 9. Nde2 Bb4 10. h3 Bxc3+ 11. bxc3 Bf5 12. 0-0 Qd7 13. Re1 0-0 14. g4 Be4 15. f3 Bg6 16. Bg5 Ne8 17. f4 f6 18. Bh4 Rd8 19. f5 Bf7 20. Nf4 Nc7 21. Bf2 Qd6 22. Qd2 Ne5 23. Bd4 Nb5 24. Qf2 Rfe8 25. Rab1 Qc6 26. Qg3 Nd6 27. Nd3 Nxd3 28. cxd3 Rxe1+ 29. Rxe1 Nb5 30. Re7 Nxd4 31. cxd4 h6 32. Kh2 Re8 33. Rxe8+ Qxe8 34. Qc7 Qe3 35. Qb8+ Kh7 36. Qxb7 Qf4+ 1/2-1/2

[Event "Sitges Sunway op 9th"]
[Site "Sitges"]
[Date "2022.12.15"]
[Round "4"]
[White "Wong, Zhenyong Jayden"]
[Black "Akbas, Umut Ata"]
[Result "1/2-1/2"]
[WhiteElo "2181"]
[BlackElo "2351"]
[PlyCount "102"]
[EventDate "2022.12.12"]
[EventType "swiss"]
[EventRounds "10"]
[EventCountry "ESP"]
[SourceTitle "CBM 211 Extra"]
[Source "ChessBase"]
[SourceDate "2023.01.31"]
[SourceVersion "1"]
[SourceVersionDate "2023.01.31"]
[SourceQuality "1"]

1. d4 d5 2. c4 c6 3. Nf3 Nf6 4. Nc3 e6 5. g3 Nbd7 6. Bg2 dxc4 7. 0-0 Be7 8. e4 0-0 9. Bf4 Re8 10. a4 a5 11. Qe2 Bb4 12. Qxc4 b6 13. Rfd1 Ba6 14. Qb3 Rc8 15. Rac1 Bxc3 16. bxc3 Nxe4 17. Ne5 Nxe5 18. Bxe5 Nf6 19. Bxf6 gxf6 20. c4 Qc7 21. Qb2 Rb8 22. d5 cxd5 23. Qxf6 Qe7 24. Qxe7 Rxe7 25. cxd5 exd5 26. Rxd5 Rbe8 27. Bf1 Bb7 28. Rb5 Re1 29. Rbb1 Rxc1 30. Rxc1 Bf3 31. Rc3 Bd5 32. Rc1 Be6 33. f4 Bb3 34. Bb5 Re4 35. Rc6 Bxa4 36. Bxa4 Rxa4 37. Rxb6 Ra2 38. Ra6 a4 39. g4 Kf8 40. Ra7 a3 41. h4 Ke8 42. h5 h6 43. Ra8+ Ke7 44. g5 Rb2 45. gxh6 a2 46. h7 Rb8 47. Rxa2 Kf6 48. Rg2 Rh8 49. Kf2 Rxh7 50. Rg5 Rh8 51. Kg3 Ra8 1/2-1/2

[Event "Olympiad-44"]
[Site "Chennai"]
[Date "2022.08.03"]
[Round "6.4"]
[White "Wong, Zhenyong Jayden"]
[Black "Mohammed, Zozek Salah Mohamme"]
[Result "1/2-1/2"]
[WhiteElo "2163"]
[BlackElo "2232"]
[PlyCount "99"]
[EventDate "2022.07.29"]
[EventType "team-swiss"]
[EventRounds "11"]
[EventCountry "IND"]
[SourceTitle "CBM 210"]
[Source "ChessBase"]
[SourceDate "2022.10.31"]
[SourceVersion "1"]
[SourceVersionDate "2022.10.31"]
[SourceQuality "1"]
[WhiteTeam "Singapore"]
[BlackTeam "Iraq"]
[WhiteTeamCountry "SIN"]
[BlackTeamCountry "IRQ"]

1. d4 d5 2. c4 e6 3. Nf3 Nf6 4. g3 Be7 5. Bg2 0-0 6. 0-0 dxc4 7. Qc2 a6 8. a4 Nbd7 9. Nbd2 c5 10. Nxc4 cxd4 11. Rd1 Nd5 12. Rxd4 Qc7 13. e4 Nb4 14. Qb3 e5 15. Rd1 a5 16. Be3 Ra6 17. Rd2 Rc6 18. Bf1 Nc5 19. Qd1 Nxe4 20. Nfxe5 Nxd2 21. Nxc6 Nxf1 22. Nxe7+ Qxe7 23. Qxf1 Nc2 24. Rc1 Nxe3 25. Nxe3 Bd7 26. Rc7 Qd6 27. Rxb7 Qc6 28. Ra7 Rc8 29. Rxa5 Qe4 30. h4 Bc6 31. Kh2 Rb8 32. Qg2 Qe8 33. Nd5 Kh8 34. Rc5 Rxb2 35. Nf6 Bxg2 36. Nxe8 Rxf2 37. Kg1 Ra2 38. Rc8 g6 39. g4 Bh3 40. Ra8 h6 41. Nf6+ Kg7 42. Ne8+ Kf8 43. Nf6+ Ke7 44. Ng8+ Ke6 45. Re8+ Kd5 46. Re3 Bxg4 47. Nf6+ Kc6 48. Nxg4 Rxa4 49. Nxh6 Rxh4 50. Nxf7 1/2-1/2

[Event "Tanglin op"]
[Site "Singapore"]
[Date "2022.05.29"]
[Round "2"]
[White "Liew, Tze Chi"]
[Black "Wong, Zhenyong Jayden"]
[Result "0-1"]
[WhiteElo "1356"]
[BlackElo "2216"]
[PlyCount "68"]
[EventDate "2022.05.28"]
[EventType "swiss"]
[EventRounds "9"]
[EventCountry "SIN"]
[SourceTitle "CBM 208 Extra"]
[Source "ChessBase"]
[SourceDate "2022.07.31"]
[SourceVersion "1"]
[SourceVersionDate "2022.07.31"]
[SourceQuality "1"]

1. d4 Nf6 2. Nf3 c5 3. e3 d5 4. b3 cxd4 5. exd4 Nc6 6. Bd3 Bg4 7. Bb2 e6 8. Nbd2 Bd6 9. h3 Bh5 10. a3 0-0 11. 0-0 Bf4 12. Qe1 Qb6 13. c4 dxc4 14. Bxc4 Bxd2 15. Qxd2 Bxf3 16. gxf3 Rfd8 17. Rfd1 Ne5 18. Qe2 Ng6 19. Rac1 Nd5 20. Bxd5 Rxd5 21. Qe3 Qd8 22. Rd3 Qh4 23. Rdc3 h6 24. f4 Nxf4 25. Kf1 Rf5 26. Qg3 Qxg3 27. Rxg3 Nd5 28. Ke2 f6 29. Rc5 Kf7 30. Rf3 Nf4+ 31. Ke3 Rxc5 32. dxc5 e5 33. Ke4 Rd8 34. Rg3 Ke6 0-1

[Event "SIN-ch 73rd"]
[Site "Singapore"]
[Date "2022.02.06"]
[Round "9"]
[White "Susilodinata, Andrean"]
[Black "Wong, Zhenyong Jayden"]
[Result "1-0"]
[WhiteElo "2332"]
[BlackElo "2200"]
[PlyCount "81"]
[EventDate "2022.01.21"]
[EventType "swiss"]
[EventRounds "9"]
[EventCountry "SIN"]
[SourceTitle "EXT 2023"]
[Source "ChessBase"]
[SourceDate "2022.10.05"]
[SourceVersion "1"]
[SourceVersionDate "2022.10.05"]
[SourceQuality "1"]

1. e4 c5 2. Nf3 e6 3. d4 cxd4 4. Nxd4 a6 5. Nc3 b5 6. a3 Bb7 7. g3 Nf6 8. Bg2 d6 9. 0-0 Nbd7 10. Nb3 Rc8 11. Qe2 Qc7 12. f4 Be7 13. g4 Qc4 14. Qf3 d5 15. e5 Ne4 16. Na5 Qc5+ 17. Be3 Nd2 18. Qe2 Qxe3+ 19. Qxe3 Bc5 20. Qxc5 Nxc5 21. Rf2 Nc4 22. Nxb7 Nxb7 23. Nd1 h5 24. g5 Ke7 25. b3 Nb6 26. f5 g6 27. f6+ Kd7 28. Nb2 Rc3 29. a4 Rhc8 30. axb5 axb5 31. Bf1 Rxc2 32. Bxb5+ Kd8 33. Rxc2 Rxc2 34. Nd3 Nc8 35. b4 Nb6 36. Ra7 Rc7 37. Ba6 Nd6 38. Rxc7 Kxc7 39. exd6+ Kxd6 40. Bb5 e5 41. Nc5 1-0

[Event "Online Olym Div2 A"]
[Site "Chess.com INT"]
[Date "2021.09.04"]
[Round "7.1"]
[White "Wong, Zhenyong Jayden"]
[Black "Bai, Adelard"]
[Result "0-1"]
[WhiteElo "2189"]
[BlackElo "2399"]
[PlyCount "88"]
[EventDate "2021.09.02"]
[EventType "team (rapid)"]
[EventRounds "9"]
[EventCountry "USA"]
[SourceTitle "CBM 204 Extra"]
[Source "ChessBase"]
[SourceDate "2021.11.30"]
[SourceVersion "1"]
[SourceVersionDate "2021.11.30"]
[SourceQuality "1"]
[WhiteTeam "Singapore"]
[BlackTeam "Taiwan"]
[WhiteTeamCountry "SIN"]
[BlackTeamCountry "TPE"]

1. c4 e5 2. Nc3 Nc6 3. Nf3 g6 4. d4 exd4 5. Nxd4 Bg7 6. Nxc6 bxc6 7. g3 Ne7 8. Bg2 0-0 9. 0-0 Nf5 10. Qd2 Qf6 11. Rb1 Re8 12. Ne4 Qd4 13. Qc2 Qb6 14. Bg5 Rb8 15. b3 c5 16. Rbd1 Nd4 17. Qd2 Bb7 18. Nc3 Qa5 19. Nb5 Qxd2 20. Rxd2 Bxg2 21. Kxg2 Nxb5 22. cxb5 d6 23. a4 a6 24. bxa6 Rxb3 25. Ra2 Ra8 26. Rd1 h6 27. Be3 Rxa6 28. Rd3 c4 29. Rd5 Kf8 30. Bd4 Bxd4 31. Rxd4 Rb4 32. a5 Ke7 33. Rc2 Rxa5 34. Rdxc4 Rxc4 35. Rxc4 c5 36. e4 d5 37. exd5 Kd6 38. Rf4 Ra7 39. h4 Kxd5 40. h5 c4 41. hxg6 fxg6 42. Rf8 Rc7 43. Kf3 c3 44. Rd8+ Kc4 0-1